000
002970000a22001330004500
041
0
_a
SPA
082
0
4
_a
G 972.91 G6439a
100
1
_a
González, Justo Luis
245
1
0
_a
Apocalipsis de Cuba / Justo González
260
_a
Alajuela, Costa Rica
300
_a
146 Pag
001
11445
942
_c
BK
999
_c
40747
_d
40747